Κατάλογος Βιβλιοθηκών Mediterranean College

Neuroanatomy Through Clinical Cases (Record no. 5301)

MARC details
000 -LEADER
fixed length control field 01252cam a22001934a 4500
005 - ΗΜΕΡΟΜΗΝΙΑ ΚΑΙ ΩΡΑ ΤΕΛΕΥΤΑΙΑΣ ΕΝΗΜΕΡΩΣΗΣ
Πεδίο ελέγχου 20250605164209.0
008 - FIXED-LENGTH DATA ELEMENTS--GENERAL INFORMATION
Πεδίο ελέγχου σταθερού μήκους 250528s ||||||||||||||||||||||||d
035 ## - SYSTEM CONTROL NUMBER
System control number 20162
020 ## - ISBN
ISBN 878930604
040 ## - ΠΗΓΗ ΚΑΤΑΛΟΓΟΓΡΑΦΗΣΗΣ
Φορέας πρωτότυπης καταλογογράφησης MC Athens Campus Library
Γλώσσα καταλογογράφησης Ελληνικά, Μοντέρνα (1453-)
Modifying agency MC Athens Campus Library
Κανόνες περιγραφικής καταλογογράφησης AACR2
245 1# - ΤΙΤΛΟΣ ΚΑΙ ΔΗΛΩΣΗ ΥΠΕΥΘΥΝΟΤΗΤΑΣ
Τίτλος Neuroanatomy Through Clinical Cases
260 ## - PUBLICATION, DISTRIBUTION, ETC.
Name of publisher, distributor, etc. Sinauer Associates, Inc,
Date of publication, distribution, etc. 2002
300 ## - PHYSICAL DESCRIPTION
Extent 954
520 ## - SUMMARY, ETC.
Summary, etc. Introduction to Clinical Care Presentations, Neuroanatomy Overview and Basic Definitions, The Neurologic Exam as a Lesson in Neuroanatomy, Introduction to Clinical Neuroradiology, Brain and Environs: Cranium and Ventricles and Meninges, Corticospinal Tract and Other Motor Pathways, Somatosensory Pathways, Spinal Nerve Roots, Major Plexuses and Peripheral Nerves, Celebral Hemispheres and Vascular Supply, Visual System, Brainstem I: Surface Anatomy and Cranial Nerves, Brainstem II: Eye Movements and Pupillary Control, Brainstem III: Nuclei and Pathways and Vascular Supply, Cerebellum, Basal Ganglia, Pituitary and Hypothalamus, Limbic System: Homeostasis and Olfaction and Memory and Emotion, Higher-Order Celebral Function, Epilogue: A Simple Working Model of the Mind.
700 1# - ΠΡΟΣΘΕΤΗ ΑΝΑΓΡΑΦΗ--ΦΥΣΙΚΟ ΠΡΟΣΩΠΟ
Personal name Blumenfeld Hal
9 (RLIN) 6214
942 ## - ADDED ENTRY ELEMENTS (KOHA)
Koha item type Books
Holdings
Τύπος τεκμηρίου Βιβλιοθήκη Τρέχουσα τοποθεσία Barcode Αριθμός εισαγωγής Ημερομηνία απόκτησης Ταξιθετικό σύμβολο Αριθμός αντιτύπου Κατάσταση απόσυρσης Κατάσταση χαμένου Κατάσταση κατεστραμμένου Μη δανεισμός Σύνολο δανεισμών Ημερομηνία τελευταίας εμφάνισης Η τιμή ισχύει από
Books MC Athens Campus Library MC Athens Campus Library 9780000053008 6404 05/06/2025 REF 616.8/0475 BLU 1           05/06/2025 05/06/2025

MC Athens Campus Library
Πατησίων 94 & Κοδριγκτώνος 13, 104 34
Πελλήνης 8 & Πατησίων 107, 112 51
Τ: +30 210 8899600

MC Thessaloniki Campus Library
Ίωνος Δραγούμη 21, 54625 | Ίωνος Δραγούμη 15, 54625
Τ: +30 2310 287779 – Τ: +30 2314 440300